000 02075nam0a2200349 4500
001 RU\NLR\bibl\1095066
005 20260607064933.0
010 _a5-7629-0520-9
_9120
021 _aRU
_b2007-28072
_91493
035 _a(NLR Aleph) 001082183
090 _a1065514
_c1065514
100 _a20070606d2003 |||y0rusy50 ca
101 0 _arus
102 _aRU
105 _aa |||||||||
200 1 _aТестовые системы в медико-биологических исследованиях
_eучебное пособие
_eдля студентов высших учебных заведений, обучающихся по направлению подготовки дипломированных специалистов 653900 "Биомедицинская техника" и направлению подготовки бакалавров и магистров 553400 "Биомедицинская инженерия"
_fМ.К. Ахлаков, К.Н. Болсунов, Е.П. Попечителев
_gМ-во образования РФ, С.-Петерб. гос. электротехн. ун-т "ЛЭТИ"
210 _aСанкт-Петербург
_cЛЭТИ
_d2003
215 _a79, [1] с.
_cил.
_d21
225 1 _aУчебное пособие
320 _aБиблиогр.: с. 78 (14 назв.)
606 1 _aТесты
_jУчебные издания для высших учебных заведений
_xПрименение в медицине
_92101729
_3RU\NLR\auth\661271029
686 _aР.в648я73
700 1 _aАхлаков
_bМ. К.
_gМахмуд Камилович
_4070
701 1 _4070
_aБолсунов
_bК. Н.
_cканд. техн. наук
_gКонстантин Николаевич
_9199134
_3RU\NLR\AUTH\770199185
701 1 _4070
_7ca
_8rus
_aПопечителев
_bЕ. П.
_f1940-
_gЕвгений Парфирович
_9122627
_3RU\NLR\auth\7712918
801 0 _aRU
_bNLR
_c20070606
_gRCR
801 1 _aRU
_bNLR
_c20070606
830 _aАвт. по кн.
942 _cBOOK
980 _aNB